000 00368nam a2200157Ia 4500
008 220216s9999 xx 000 0 und d
100 _aTan A G
245 0 _aRubber wood for SMR pallet manufacture
260 _bPlanters Bulletin
_c1981
300 _a76-83
650 _aRubber wood
650 _aSMR
700 _aAli Sujan
700 _aNambiar J
942 _cJS
999 _c68131
_d68131